[Event "International Championship of Central Se"]
[Site "Paracin, hotel Petrus"]
[Date "2015.07.03"]
[Round "1.51"]
[White "Dezelin, Milan"]
[Black "Naik, Rishubh Naresh"]
[Result "1-0"]
[WhiteElo "2267"]
[BlackElo "2007"]
[PlyCount "67"]
[EventDate "2015.07.03"]

1. d4 Nf6 2. Bg5 d5 3. Bxf6 exf6 4. e3 Be6 5. Bd3 Bd6 6. Nd2 c6 7. c3 Nd7 8.
Qc2 Qc7 9. Ne2 g6 10. h4 h5 11. c4 dxc4 12. Nxc4 Bxc4 13. Bxc4 Nb6 14. Bb3 f5
15. g3 Qe7 16. a3 Bc7 17. O-O-O O-O-O 18. Kb1 Kb8 19. Nc3 Rd7 20. d5 cxd5 21.
Nxd5 Nxd5 22. Bxd5 Be5 23. Bf3 Rc7 24. Qb3 Rhc8 25. Rd2 Qe6 26. Bd5 Qa6 27.
Rhd1 Rc5 28. Bxf7 Rb5 29. Qe6 Qa4 30. Qxc8+ Kxc8 31. Rc1+ Bc7 32. Be6+ Kb8 33.
Rd8+ Bxd8 34. Rc8# 1-0

[Event "International Championship of Central Se"]
[Site "Paracin, hotel Petrus"]
[Date "2015.07.03"]
[Round "1.52"]
[White "Kovacevic, Bozidar"]
[Black "Cvetanovic, Uros"]
[Result "1-0"]
[WhiteElo "2000"]
[BlackElo "2264"]
[PlyCount "55"]
[EventDate "2015.07.03"]

1. e4 c5 2. Nf3 a6 3. c4 e6 4. Nc3 g5 5. d4 h6 6. dxc5 Bxc5 7. Nd4 Qf6 8. Be3
Nc6 9. Nc2 Bf8 10. Be2 Nge7 11. O-O Ng6 12. Bh5 Nf4 13. g3 Rg8 14. gxf4 gxf4+
15. Kh1 Qh4 16. Bb6 Ne5 17. Bf3 d6 18. Bd4 Nxc4 19. Qe2 Na5 20. Rg1 Rg5 21.
Rxg5 hxg5 22. Nd5 exd5 23. exd5+ Be7 24. Bf6 Be6 25. Bxe7 Kxe7 26. dxe6 fxe6
27. Nd4 Qh3 28. Bg4 1-0

[Event "International Championship of Central Se"]
[Site "Paracin, hotel Petrus"]
[Date "2015.07.03"]
[Round "1.53"]
[White "Malekian, Babak"]
[Black "Kucuksari, Kaan"]
[Result "1-0"]
[WhiteElo "2262"]
[BlackElo "1981"]
[PlyCount "87"]
[EventDate "2015.07.03"]

1. Nf3 Nf6 2. g3 e6 3. Bg2 b6 4. Ne5 d5 5. c4 Bd6 6. d4 O-O 7. Nc3 Bb7 8. Bg5
h6 9. Bxf6 Qxf6 10. f4 c6 11. O-O Qe7 12. Qa4 Rd8 13. Rfd1 f6 14. Nd3 Nd7 15.
e4 dxe4 16. Bxe4 Rdc8 17. Re1 Qf7 18. Re2 a6 19. Qb3 Rc7 20. Rae1 b5 21. c5 Bf8
22. Bg2 e5 23. Qxf7+ Kxf7 24. fxe5 fxe5 25. Nxe5+ Nxe5 26. Rxe5 Rd8 27. Ne2 Be7
28. Bh3 Bc8 29. Bxc8 Rcxc8 30. Kf2 Bf6 31. Re4 Re8 32. Ke3 Rxe4+ 33. Kxe4 Re8+
34. Kd3 Rd8 35. Rd1 Kg6 36. b4 Kf5 37. h3 Ke6 38. Ke4 g5 39. a4 Rb8 40. Ra1 Re8
41. axb5 axb5 42. Ra7 Rc8 43. Rh7 h5 44. h4 1-0

[Event "International Championship of Central Se"]
[Site "Paracin, hotel Petrus"]
[Date "2015.07.03"]
[Round "1.54"]
[White "Akman, Ozgur"]
[Black "Vujacic, Borivoje"]
[Result "1/2-1/2"]
[WhiteElo "1964"]
[BlackElo "2262"]
[PlyCount "87"]
[EventDate "2015.07.03"]

1. e4 c5 2. Nf3 d6 3. d4 cxd4 4. Qxd4 Nc6 5. Bb5 Bd7 6. Bxc6 Bxc6 7. Nc3 Nf6 8.
Bg5 e6 9. O-O-O Be7 10. Rhe1 O-O 11. Kb1 b5 12. e5 Bxf3 13. exf6 gxf6 14. Bh6
Bxd1 15. Rxd1 Kh8 16. Bxf8 Qxf8 17. Nxb5 Qg7 18. g3 a6 19. Nxd6 Rd8 20. Qb6 Kg8
21. Rd3 Qg4 22. a3 Qe2 23. f4 h5 24. h4 Qe1+ 25. Ka2 Rxd6 26. Rxd6 Bxd6 27.
Qxd6 Qxg3 28. c4 e5 29. c5 Qxf4 30. c6 Qc4+ 31. Kb1 Qe4+ 32. Ka2 Qc4+ 33. Kb1
Qe4+ 34. Kc1 Qc4+ 35. Kd2 Qb3 36. c7 Qxb2+ 37. Kd3 Qb1+ 38. Kc3 Qc1+ 39. Kb3
Qb1+ 40. Kc4 Qc2+ 41. Kb4 Qb2+ 42. Kc4 Qc2+ 43. Kb4 Qb2+ 44. Kc4 1/2-1/2

[Event "International Championship of Central Se"]
[Site "Paracin, hotel Petrus"]
[Date "2015.07.03"]
[Round "1.55"]
[White "Rajkovic, Mladen"]
[Black "Verendel, Jan"]
[Result "1-0"]
[WhiteElo "2259"]
[BlackElo "1964"]
[PlyCount "107"]
[EventDate "2015.07.03"]

1. e4 c5 2. Nf3 e6 3. c4 Nc6 4. Nc3 a6 5. d4 cxd4 6. Nxd4 Qc7 7. Be3 Nf6 8. f3
Bd6 9. g3 Be7 10. Rc1 d6 11. Bg2 Bd7 12. f4 g6 13. O-O Rc8 14. b3 Qa5 15. h3
Nxd4 16. Bxd4 e5 17. Be3 b5 18. fxe5 dxe5 19. Nd5 Nxd5 20. Qxd5 f6 21. Rfd1 Rd8
22. Qb7 bxc4 23. Rxc4 Bb5 24. Rc8 Kf7 25. Rdxd8 Rxd8 26. Rc7 Rd7 27. Rxd7 Bxd7
28. Bf2 Qb5 29. Qa7 Qc6 30. Bf1 Bc8 31. Bc4+ Ke8 32. Qe3 Be6 33. Bd3 Ba3 34. h4
h5 35. Qh6 Ke7 36. Qg7+ Bf7 37. Bc4 Qe8 38. Bxa6 Qg8 39. Qxg8 Bxg8 40. Kf1 Kd6
41. Ke2 Be6 42. Kd3 Bh3 43. Kc3 Bg2 44. Bd3 g5 45. Be3 Bc5 46. Bxc5+ Kxc5 47.
b4+ Kb6 48. a4 Bf3 49. a5+ Kb7 50. b5 Bg4 51. Kc4 Be6+ 52. Kc5 Bb3 53. a6+ Kb8
54. b6 1-0

[Event "International Championship of Central Se"]
[Site "Paracin, hotel Petrus"]
[Date "2015.07.03"]
[Round "1.56"]
[White "Martynov, Petr"]
[Black "Persson, Andreas"]
[Result "0-1"]
[WhiteElo "1932"]
[BlackElo "2258"]
[PlyCount "58"]
[EventDate "2015.07.03"]

1. e4 d6 2. d4 Nf6 3. Nc3 g6 4. f4 Bg7 5. Nf3 c5 6. Bb5+ Bd7 7. e5 Ng4 8. Ng5
Bxb5 9. Nxb5 Qa5+ 10. Bd2 Qxb5 11. Qxg4 Nc6 12. dxc5 Qxb2 13. Rd1 dxe5 14. O-O
O-O 15. fxe5 Qxe5 16. Kh1 h6 17. Rde1 Qd4 18. Qxd4 Bxd4 19. Ne4 Bg7 20. Rb1 f5
21. Nc3 Rad8 22. Be1 Rd7 23. Ne2 Rfd8 24. Nf4 Kf7 25. Nd3 e5 26. Bf2 Ke6 27. g3
g5 28. Kg1 e4 29. Nb4 Nd4 0-1

[Event "International Championship of Central Se"]
[Site "Paracin, hotel Petrus"]
[Date "2015.07.03"]
[Round "1.57"]
[White "Baglan, Esat"]
[Black "Aydincelebi, Kagan"]
[Result "1/2-1/2"]
[WhiteElo "2257"]
[BlackElo "1910"]
[PlyCount "58"]
[EventDate "2015.07.03"]

1. e4 c5 2. Nf3 g6 3. c3 Bg7 4. d4 cxd4 5. cxd4 d5 6. e5 Nh6 7. h3 O-O 8. Nc3
Bf5 9. g4 Be4 10. Bg2 Nc6 11. Be3 f5 12. exf6 exf6 13. O-O Nf7 14. Nxe4 dxe4
15. Nd2 f5 16. gxf5 gxf5 17. Qh5 Nd6 18. d5 Nb4 19. Rad1 Nd3 20. b3 b6 21. Kh1
Qe8 22. Qh4 Qe5 23. f4 Qxd5 24. Rg1 Kh8 25. Bf1 Bd4 26. Bxd4+ Qxd4 27. Nf3 Qf2
28. Qg3 exf3 29. Rxd3 Qb2 1/2-1/2